000 00453 a2200181 4500
041 _aEng
082 _a519.82
_bM468r
100 _aMedhi, Jyotiprasad
_98011
245 _aRecent developments in bulk queueing models
260 _aNew Delhi
_bWiley Estern
_cc1984
300 _avi, 80p.
504 _aBibliography: p. 55-75
518 _a2011-01-03
530 _aM
650 _aQueuing theory
_98012
653 _aProbabilities
942 _2ddc
_cAS
999 _c50052
_d50048